000
00260nam a2200097Ia 4500
001
1118906
005
20250827004134.0
008
250824s9999 xx 000 0 und d
245
0
_a
HAŞHAŞ VE EMPERYALİZM Y3 5
_c
AYTUNÇ ALTINDAL
260
_b
DESTEK YAYINLARI
999
_c
1118906
_d
1118906